[Event "Polanica Zdroj op-D 56th"]
[Site "Polanica Zdroj"]
[Date "2020.08.23"]
[Round "9"]
[White "Ciechonski, Piotr"]
[Black "Bednarczyk, Mateusz"]
[Result "1-0"]
[WhiteElo "1774"]
[BlackElo "1500"]
[PlyCount "115"]
[EventDate "2020.08.15"]
[EventType "swiss"]
[EventRounds "9"]
[EventCountry "POL"]
[SourceTitle "CBM 198 Extra"]
[Source "ChessBase"]
[SourceDate "2020.11.30"]
[SourceVersion "1"]
[SourceVersionDate "2020.11.30"]
[SourceQuality "1"]

1. e4 c5 2. Nc3 Nc6 3. f4 g6 4. Nf3 Bg7 5. Bc4 e6 6. d3 Nge7 7. f5 exf5 8. 0-0 0-0 9. Qe1 Na5 10. Bg5 Nxc4 11. dxc4 f6 12. Bf4 fxe4 13. Bd6 Re8 14. Qxe4 Nf5 15. Qd5+ Kh8 16. Bxc5 d6 17. Bf2 Be6 18. Qd3 Rc8 19. b3 a6 20. Rad1 Bf8 21. a4 Qc7 22. Nd5 Qf7 23. Nf4 Rcd8 24. Nxe6 Rxe6 25. Nd4 Nxd4 26. Bxd4 Be7 27. Bb2 Kg8 28. Qd5 Re2 29. Qd3 Re6 30. Qc3 Rf8 31. Rd2 Bd8 32. Kh1 Bb6 33. a5 Ba7 34. Rd3 Qe7 35. Rdf3 Rf7 36. Qd3 Rf8 37. h3 Rf7 38. Qd5 Kf8 39. b4 Re1 40. Qd2 Rxf1+ 41. Rxf1 Kg7 42. b5 Bc5 43. Bd4 Bxd4 44. Qxd4 Qe2 45. Qd3 Re7 46. Rd1 Qf2 47. Qxd6 Re1+ 48. Rxe1 Qxe1+ 49. Kh2 Qxa5 50. Qd7+ Kh6 51. Qxb7 axb5 52. cxb5 Qc3 53. Qe4 Qc5 54. Qf4+ Kg7 55. c4 g5 56. Qg3 h6 57. Qb8 Qxc4 58. b6 1-0

[Event "Polanica Zdroj op-C 56th"]
[Site "Polanica Zdroj"]
[Date "2020.08.20"]
[Round "6"]
[White "Ciechonski, Piotr"]
[Black "Kolodziejski, Grzegorz"]
[Result "1/2-1/2"]
[WhiteElo "1774"]
[BlackElo "1550"]
[PlyCount "98"]
[EventDate "2020.08.15"]
[EventType "swiss"]
[EventRounds "9"]
[EventCountry "POL"]
[SourceTitle "CBM 198 Extra"]
[Source "ChessBase"]
[SourceDate "2020.11.30"]
[SourceVersion "1"]
[SourceVersionDate "2020.11.30"]
[SourceQuality "1"]

1. e4 c5 2. Nc3 Nc6 3. f4 g6 4. Nf3 Bg7 5. Bc4 e6 6. d3 Nge7 7. f5 exf5 8. 0-0 0-0 9. Bg5 fxe4 10. dxe4 h6 11. Bh4 d6 12. Nb5 a6 13. Nxd6 Be6 14. c3 Bxc4 15. Nxc4 b5 16. Ne3 Qb6 17. Qc2 c4 18. Bf2 Qb7 19. Rad1 Rad8 20. Nd5 Nxd5 21. exd5 Ne7 22. Bc5 Rfe8 23. d6 Nf5 24. Rfe1 Rxe1+ 25. Nxe1 Qc6 26. Qf2 Nxd6 27. Nf3 Nb7 28. Rxd8+ Nxd8 29. Bd4 Ne6 30. Bxg7 Nxg7 31. Qa7 Nf5 32. Qxf7+ Kxf7 33. Ne5+ Ke6 34. Nxc6 Kd6 35. Nb4 a5 36. Nc2 Kc5 37. Kf2 b4 38. g4 Nd6 39. cxb4+ axb4 40. Ke3 Nb5 41. Ke4 b3 42. axb3 cxb3 43. Ne3 Nd4 44. Nd5 Nf3 45. Kxf3 Kxd5 46. Ke3 h5 47. gxh5 gxh5 48. Kd3 h4 49. h3 Ke5 1/2-1/2

[Event "Polanica Zdroj op-C 56th"]
[Site "Polanica Zdroj"]
[Date "2020.08.18"]
[Round "4"]
[White "Hasterok, Lukasz"]
[Black "Ciechonski, Piotr"]
[Result "1/2-1/2"]
[WhiteElo "1622"]
[BlackElo "1774"]
[PlyCount "71"]
[EventDate "2020.08.15"]
[EventType "swiss"]
[EventRounds "9"]
[EventCountry "POL"]
[SourceTitle "CBM 198 Extra"]
[Source "ChessBase"]
[SourceDate "2020.11.30"]
[SourceVersion "1"]
[SourceVersionDate "2020.11.30"]
[SourceQuality "1"]

1. d4 Nf6 2. Nf3 g6 3. Bf4 Bg7 4. h3 0-0 5. e3 c5 6. c3 cxd4 7. exd4 d6 8. Bc4 Nbd7 9. 0-0 Qc7 10. Nbd2 Rb8 11. a4 a6 12. Re1 Re8 13. Qb3 e6 14. Bxe6 Rxe6 15. Rxe6 Nc5 16. dxc5 Bxe6 17. Qb6 Qxb6 18. cxb6 Rd8 19. a5 d5 20. Nd4 Nd7 21. N2f3 Nc5 22. Bc7 Re8 23. Re1 Bd7 24. Bd6 Na4 25. Ba3 Rxe1+ 26. Nxe1 Bf8 27. Bxf8 Kxf8 28. Nd3 Ke7 29. Kf1 Kd6 30. Ke2 f6 31. f4 g5 32. f5 Nc5 33. b3 Na4 34. Kd2 Nc5 35. Nxc5 Kxc5 36. Kd3 1/2-1/2

[Event "Polanica Zdroj op-D 56th"]
[Site "Polanica Zdroj"]
[Date "2020.08.16"]
[Round "2"]
[White "Jurkowska, Magdalena"]
[Black "Ciechonski, Piotr"]
[Result "0-1"]
[WhiteElo "1465"]
[BlackElo "1774"]
[PlyCount "120"]
[EventDate "2020.08.15"]
[EventType "swiss"]
[EventRounds "9"]
[EventCountry "POL"]
[SourceTitle "CBM 198 Extra"]
[Source "ChessBase"]
[SourceDate "2020.11.30"]
[SourceVersion "1"]
[SourceVersionDate "2020.11.30"]
[SourceQuality "1"]

1. e4 c5 2. Nf3 d6 3. d4 cxd4 4. Nxd4 Nf6 5. Nc3 g6 6. Be2 Bg7 7. Be3 0-0 8. 0-0 Nc6 9. Rb1 d5 10. exd5 Nxd5 11. Nxd5 Qxd5 12. Bf3 Qxa2 13. Nxc6 bxc6 14. Bxc6 Rb8 15. Ra1 Qxb2 16. Rxa7 Bb7 17. Bxb7 Rxb7 18. Rxb7 Qxb7 19. Qb1 Qc6 20. g3 Ra8 21. Rc1 Bc3 22. Qb6 Qa4 23. Qb7 e6 24. Rb1 Kg7 25. Qb3 Qc6 26. Qb7 Qd5 27. Qxd5 exd5 28. Rd1 Ra5 29. Bd4+ Bxd4 30. Rxd4 Rc5 31. Rd2 Kf6 32. Kg2 Ke5 33. f3 Rc3 34. Kf2 g5 35. h3 h5 36. Kg2 f5 37. Kf2 d4 38. Kg2 Kd5 39. Re2 f4 40. g4 hxg4 41. hxg4 Re3 42. Rd2 Kc4 43. Kf2 Kc3 44. Rd1 Re7 45. Rd3+ Kc4 46. Rd2 Rh7 47. Kg2 Ra7 48. Kf2 Ra1 49. Kg2 Rc1 50. Kf2 Rh1 51. Kg2 Rh8 52. Kg1 Re8 53. Kf1 Rd8 54. Rd3 Rd5 55. Ke1 Re5+ 56. Kf2 Re3 57. Rd2 Rc3 58. Ke2 Ra3 59. Kf1 Rxf3+ 60. Ke2 Ra3 0-1

[Event "Rubinstein Memorial-C 55th"]
[Site "Polanica Zdroj"]
[Date "2019.08.21"]
[Round "5"]
[White "Myrmus, Mateusz"]
[Black "Ciechonski, Piotr"]
[Result "1-0"]
[WhiteElo "1598"]
[BlackElo "1767"]
[PlyCount "69"]
[EventDate "2019.08.17"]
[EventType "swiss"]
[EventRounds "9"]
[EventCountry "POL"]
[SourceTitle "EXT 2020"]
[Source "ChessBase"]
[SourceDate "2019.10.17"]
[SourceVersion "1"]
[SourceVersionDate "2019.10.17"]
[SourceQuality "1"]

1. e4 g6 2. d4 Bg7 3. Be3 c5 4. c3 Nf6 5. f3 cxd4 6. cxd4 d5 7. e5 Nfd7 8. Nc3 Qa5 9. Qd2 Nc6 10. Bd3 0-0 11. Nge2 Rd8 12. Bh6 Bxh6 13. Qxh6 Qb4 14. h4 Ncxe5 15. dxe5 Nxe5 16. 0-0-0 Nxd3+ 17. Rxd3 Bf5 18. Rd4 Qc5 19. g4 e5 20. gxf5 exd4 21. f6 Qf8 22. Qxf8+ Kxf8 23. Nxd4 Rd6 24. h5 g5 25. Re1 Re8 26. Rxe8+ Kxe8 27. Kd2 Rxf6 28. Ke3 Rb6 29. Nxd5 Ra6 30. Nf5 Rxa2 31. Nf6+ Kf8 32. Nxh7+ Kg8 33. Nxg5 f6 34. Ne4 Ra3+ 35. Kf4 1-0

[Event "Dabrowica Jastkow Memorial op 5th"]
[Site "Dabrowica"]
[Date "2016.01.09"]
[Round "2.1"]
[White "Ciechonski, Piotr"]
[Black "Fraczek, Weronika"]
[Result "0-1"]
[WhiteElo "1726"]
[BlackElo "1778"]
[PlyCount "90"]
[EventDate "2016.01.08"]
[EventType "tourn"]
[EventRounds "5"]
[EventCountry "POL"]
[SourceTitle "EXT 2023"]
[Source "ChessBase"]
[SourceDate "2022.10.05"]
[SourceVersion "1"]
[SourceVersionDate "2022.10.05"]
[SourceQuality "1"]

1. e4 c5 2. Nc3 Nc6 3. f4 g6 4. Nf3 Bg7 5. Bc4 e6 6. 0-0 Nge7 7. d3 d5 8. Bb3 0-0 9. Qe1 a6 10. a4 Rb8 11. f5 exf5 12. exd5 Nd4 13. Qg3 Nxb3 14. cxb3 Bd7 15. Bf4 Rc8 16. Ne5 Be8 17. d6 Qxd6 18. Nxf7 Qd4+ 19. Be3 Qxe3+ 20. Qxe3 Bd4 21. Qxd4 cxd4 22. Nd6 Rc6 23. Nc4 dxc3 24. bxc3 b5 25. axb5 axb5 26. Ra7 bxc4 27. dxc4 Nc8 28. Ra5 Nd6 29. Rd1 Ne4 30. Rd3 Nc5 31. Rd8 Nb7 32. Rda8 Nxa5 33. Rxa5 Bf7 34. Kf2 Bxc4 35. bxc4 Rxc4 36. Ke3 Rxc3+ 37. Kf4 h6 38. Ra6 Kg7 39. h4 Rc4+ 40. Kg3 f4+ 41. Kh3 f3 42. Ra7+ Rf7 43. Ra3 f2 44. h5 f1Q 45. hxg6 Qh1+ 0-1

[Event "POL-chT3 Swietokrzyskie"]
[Site "Poland"]
[Date "2015.03.28"]
[Round "2.21"]
[White "Palosz, Andrzej"]
[Black "Ciechonski, Piotr"]
[Result "1-0"]
[WhiteElo "2127"]
[BlackElo "1681"]
[PlyCount "133"]
[EventDate "2015.03.28"]
[EventType "team-swiss"]
[EventRounds "9"]
[EventCountry "POL"]
[SourceTitle "EXT 2019"]
[Source "ChessBase"]
[SourceDate "2018.10.10"]
[SourceVersion "1"]
[SourceVersionDate "2018.10.10"]
[SourceQuality "1"]

1. e4 c5 2. Nf3 d6 3. d4 cxd4 4. Nxd4 Nf6 5. Nc3 g6 6. Be3 Bg7 7. f3 0-0 8. Qd2 Nc6 9. Bc4 Bd7 10. Bb3 Qa5 11. 0-0-0 Rfc8 12. Kb1 Ne5 13. h4 Nc4 14. Bxc4 Rxc4 15. Nb3 Qe5 16. Bd4 Qe6 17. h5 a5 18. Nd5 a4 19. Nf4 axb3 20. Nxe6 bxc2+ 21. Qxc2 Rxc2 22. Nxg7 Rxg2 23. Bxf6 exf6 24. Rxd6 Kxg7 25. h6+ Kf8 26. Rxd7 f5 27. Rc1 Rh2 28. Rcc7 Rxh6 29. Rxf7+ Kg8 30. exf5 gxf5 31. Rxf5 b6 32. a3 Rg6 33. Rb7 Rc8 34. f4 Rcc6 35. Re5 Rce6 36. Rb5 Rgf6 37. f5 Rd6 38. Re5 h5 39. Re8+ Rf8 40. Re6 Rf6 41. Re8+ Rf8 42. Rxf8+ Kxf8 43. Rh7 Rd1+ 44. Kc2 Rh1 45. Rb7 Rf1 46. Rxb6 Rxf5 47. Kd3 Rg5 48. a4 h4 49. Rh6 Rg4 50. b3 Kg7 51. Rh5 Kg6 52. Rh8 Rg3+ 53. Kc4 Rg4+ 54. Kc5 Rg5+ 55. Kc6 Rh5 56. Rg8+ Kf5 57. b4 h3 58. Rg1 h2 59. Rh1 Ke4 60. b5 Kf3 61. b6 Rh6+ 62. Kb7 Kg2 63. Rxh2+ Kxh2 64. a5 Rh5 65. Ka6 Rh6 66. Ka7 Kg3 67. b7 1-0

[Event "POL-chT Otwarta Lubelska"]
[Site "Wojewodztwo Lubelskie"]
[Date "2013.02.03"]
[Round "8.11"]
[White "Ciechonski, Piotr"]
[Black "Polkowski, Piotr"]
[Result "0-1"]
[WhiteElo "1808"]
[BlackElo "2191"]
[PlyCount "116"]
[EventDate "2013.01.06"]
[EventType "team-tourn"]
[EventRounds "14"]
[EventCountry "POL"]
[SourceTitle "EXT 2020"]
[Source "ChessBase"]
[SourceDate "2019.10.17"]
[SourceVersion "1"]
[SourceVersionDate "2019.10.17"]
[SourceQuality "1"]
[WhiteTeam "Kurow"]
[BlackTeam "Lublin AZS UMCS"]
[WhiteTeamCountry "POL"]
[BlackTeamCountry "POL"]

1. e4 d5 2. exd5 Qxd5 3. Nc3 Qa5 4. Bc4 e6 5. d3 Nf6 6. Bd2 c6 7. Nf3 Qc7 8. Qe2 Nbd7 9. 0-0-0 Be7 10. Rde1 Nb6 11. Bb3 a5 12. a3 Nbd5 13. Nxd5 cxd5 14. Ne5 0-0 15. g4 Bd6 16. f4 Nd7 17. h4 Nc5 18. Ba2 f6 19. Nf3 Bxf4 20. g5 Bd7 21. Kb1 Bc6 22. gxf6 gxf6 23. Nd4 Bxd2 24. Qxd2 e5 25. Nf5 Kh8 26. Qh6 Qf7 27. Rhg1 Rg8 28. Ka1 Rg6 29. Nd6 Qg8 30. Qe3 b6 31. h5 Rxg1 32. Rxg1 Qe6 33. Qh6 Rg8 34. Rxg8+ Kxg8 35. Ne4 Nd7 36. Qe3 Qg4 37. Qg3 Qxg3 38. Nxg3 Nc5 39. Nf5 Kf7 40. Kb1 Ke6 41. Ng7+ Kd7 42. Kc1 Ne6 43. Nf5 Nf4 44. h6 Ke6 45. Ne3 Kf7 46. Nf5 Bd7 47. Ne3 Be6 48. Kd2 Kg6 49. c4 d4 50. Nc2 Kxh6 51. b4 axb4 52. Nxb4 Kg6 53. a4 h5 54. Ke1 Bc8 55. Nc6 Bd7 56. a5 Bxc6 57. axb6 Nxd3+ 58. Kd2 Nc5 0-1

[Event "Ogolnopolski-ch 55th"]
[Site "Zamosc"]
[Date "2013.??.??"]
[Round "7"]
[White "Bartoszek, Michal"]
[Black "Ciechonski, Piotr"]
[Result "0-1"]
[WhiteElo "1748"]
[BlackElo "1801"]
[PlyCount "70"]
[EventDate "2013.06.07"]
[EventType "swiss"]
[EventRounds "9"]
[EventCountry "POL"]
[SourceTitle "EXT 2014"]
[Source "ChessBase"]
[SourceDate "2013.11.20"]
[SourceVersion "1"]
[SourceVersionDate "2013.11.20"]
[SourceQuality "1"]

1. d4 Nf6 2. c4 g6 3. g3 d5 4. cxd5 Nxd5 5. Bg2 c6 6. Nf3 Bg7 7. 0-0 Nd7 8. Nc3 0-0 9. e4 Nxc3 10. bxc3 Nb6 11. h3 Be6 12. Qc2 Bc4 13. Re1 Rc8 14. a4 Ba6 15. Bf4 e6 16. Rad1 Nc4 17. Bf1 b5 18. Ra1 Qd7 19. Red1 f6 20. axb5 Bxb5 21. Qa2 Nb6 22. Qxa7 Qxa7 23. Rxa7 e5 24. dxe5 fxe5 25. Bxe5 Bh6 26. Nd4 Nc4 27. Bxc4+ Bxc4 28. Bd6 Rfe8 29. Re1 Bd2 30. Rd1 Bxc3 31. Rc1 Bxd4 32. Rxc4 Bxa7 33. e5 Bb8 34. f4 Bxd6 35. exd6 Red8 0-1

[Event "Ogolnopolski-ch 55th"]
[Site "Zamosc"]
[Date "2013.??.??"]
[Round "6"]
[White "Ciechonski, Piotr"]
[Black "Kuzmicz, Krystian"]
[Result "0-1"]
[WhiteElo "1801"]
[BlackElo "2465"]
[PlyCount "48"]
[EventDate "2013.06.07"]
[EventType "swiss"]
[EventRounds "9"]
[EventCountry "POL"]
[SourceTitle "EXT 2014"]
[Source "ChessBase"]
[SourceDate "2013.11.20"]
[SourceVersion "1"]
[SourceVersionDate "2013.11.20"]
[SourceQuality "1"]

1. e4 c5 2. Nc3 a6 3. Nf3 b5 4. d3 Bb7 5. g3 d6 6. Bg2 Nf6 7. 0-0 Nbd7 8. Re1 b4 9. Ne2 e6 10. Bf4 Be7 11. h4 0-0 12. Qd2 a5 13. Bg5 h6 14. Bf4 Re8 15. e5 dxe5 16. Nxe5 Bxg2 17. Nxf7 Kxf7 18. Bxh6 Ne5 19. Kxg2 Qd5+ 20. Kh3 Nf3 21. Qe3 Nxe1 22. Rxe1 gxh6 23. Nf4 Qf5+ 24. Kg2 Bd6 0-1

[Event "Klementowice Gr-A 3rd"]
[Site "Klementowice"]
[Date "2012.08.20"]
[Round "5.3"]
[White "Ciechonski, Piotr"]
[Black "Siedlanowski, Lukasz"]
[Result "0-1"]
[WhiteElo "1810"]
[BlackElo "1853"]
[PlyCount "76"]
[EventDate "2012.08.17"]
[EventType "swiss"]
[EventRounds "9"]
[EventCountry "POL"]
[SourceTitle "EXT 2023"]
[Source "ChessBase"]
[SourceDate "2022.10.05"]
[SourceVersion "1"]
[SourceVersionDate "2022.10.05"]
[SourceQuality "1"]

1. e4 c5 2. Nc3 Nc6 3. f4 g6 4. Nf3 Bg7 5. Bc4 d6 6. d3 e6 7. 0-0 Nge7 8. Qe1 0-0 9. f5 exf5 10. Qh4 h5 11. Bg5 Qe8 12. Rae1 Qd7 13. a4 b6 14. Bb5 f6 15. exf5 Nxf5 16. Qe4 Bb7 17. Bf4 Kh8 18. Bg3 Rae8 19. Qc4 Ne3 20. Rxe3 Rxe3 21. Nh4 Kh7 22. Nd5 Ree8 23. Nf4 g5 24. Nxh5 d5 25. Qc3 gxh4 26. Bxh4 d4 27. Qd2 Qg4 28. Nxg7 Re2 29. Qxe2 Qxe2 30. Nf5 Ne5 31. Rf2 Qg4 32. h3 Qg6 33. Kf1 a6 34. Bc4 Nxc4 35. dxc4 Bxg2+ 36. Rxg2 Qxf5+ 37. Bf2 Qxh3 38. Kg1 Rg8 0-1

[Event "Klementowice Gr-A 3rd"]
[Site "Klementowice"]
[Date "2012.08.18"]
[Round "1.3"]
[White "Bogocki, Cezary"]
[Black "Ciechonski, Piotr"]
[Result "1-0"]
[WhiteElo "2000"]
[BlackElo "1810"]
[PlyCount "102"]
[EventDate "2012.08.17"]
[EventType "swiss"]
[EventRounds "9"]
[EventCountry "POL"]
[SourceTitle "EXT 2023"]
[Source "ChessBase"]
[SourceDate "2022.10.05"]
[SourceVersion "1"]
[SourceVersionDate "2022.10.05"]
[SourceQuality "1"]

1. f4 e5 2. d3 Nc6 3. Nf3 exf4 4. Bxf4 Qf6 5. Qc1 Bb4+ 6. c3 Ba5 7. e4 d6 8. Be2 Nge7 9. 0-0 Ng6 10. Bg3 0-0 11. Na3 Bb6+ 12. Kh1 a6 13. Nc4 Ba7 14. Ne3 Qd8 15. d4 Nce7 16. Bc4 Be6 17. Bd3 b5 18. Nf5 d5 19. Nxe7+ Qxe7 20. e5 Rac8 21. Qd2 c5 22. Rae1 Qd7 23. Qg5 Bb6 24. dxc5 Bxc5 25. Nd4 Bxd4 26. cxd4 Qe7 27. Qd2 Rc7 28. Qa5 Rc6 29. Rc1 Rfc8 30. Rxc6 Rxc6 31. a4 Qc7 32. Qxc7 Rxc7 33. axb5 axb5 34. h3 Ne7 35. Bh4 Nc6 36. Rc1 Rc8 37. Bf2 b4 38. Bb5 Ne7 39. Rxc8+ Bxc8 40. g4 h5 41. Bh4 Ng6 42. Be1 hxg4 43. hxg4 Bxg4 44. Bxb4 Bd1 45. Bc5 Bb3 46. Be8 Nf4 47. Kh2 g6 48. Kg3 Ne6 49. Kf3 Kg7 50. Ke3 f5 51. exf6+ Kxf6 1-0

[Event "Klementowice Gr-A 3rd"]
[Site "Klementowice"]
[Date "2012.08.18"]
[Round "2.4"]
[White "Ciechonski, Piotr"]
[Black "Gora, Antonina"]
[Result "1-0"]
[WhiteElo "1810"]
[BlackElo "1782"]
[PlyCount "110"]
[EventDate "2012.08.17"]
[EventType "swiss"]
[EventRounds "9"]
[EventCountry "POL"]
[SourceTitle "EXT 2023"]
[Source "ChessBase"]
[SourceDate "2022.10.05"]
[SourceVersion "1"]
[SourceVersionDate "2022.10.05"]
[SourceQuality "1"]

1. e4 c5 2. Nf3 d6 3. d4 cxd4 4. Nxd4 Nf6 5. Nc3 a6 6. Be3 e5 7. Nb3 Be6 8. Qd2 Be7 9. f3 Nbd7 10. g4 b5 11. g5 Nh5 12. 0-0-0 Rc8 13. Rg1 Nb6 14. h4 Nc4 15. Bxc4 Bxc4 16. Nd5 Bxd5 17. Qxd5 Qc7 18. Rd2 0-0 19. Kb1 Kh8 20. Nc1 f5 21. Rdg2 fxe4 22. Qxe4 Nf4 23. Bxf4 Rxf4 24. Qd3 Rcf8 25. h5 Rxf3 26. Qe2 Qd8 27. g6 h6 28. a4 Bg5 29. Rd1 Re3 30. Qg4 bxa4 31. Qxa4 Qa8 32. Rgd2 Re4 33. Qd7 Bxd2 34. Rxd2 Rd8 35. Qe6 Qc6 36. Nd3 Rd4 37. c3 Rh4 38. Nb4 Rh1+ 39. Kc2 Qe4+ 40. Kb3 a5 41. Rxd6 Rb8 42. Rb6 Rf8 43. Qf7 Qa8 44. Ra6 Qb8 45. Rb6 Qd8 46. Re6 axb4 47. Qb7 Rxh5 48. cxb4 Rh3+ 49. Kc4 Qd4+ 50. Kb5 Rh4 51. Ka4 Qd1+ 52. b3 Qa1+ 53. Kb5 Qd4 54. Ka4 Qxb4+ 55. Qxb4 Ra8+ 1-0

[Event "Dabrowica Jastkow Memorial op 3rd"]
[Site "Dabrowica"]
[Date "2011.01.09"]
[Round "5.4"]
[White "Sygnowski, Tomasz"]
[Black "Ciechonski, Piotr"]
[Result "1-0"]
[WhiteElo "2033"]
[BlackElo "1877"]
[PlyCount "143"]
[EventDate "2011.01.07"]
[EventType "swiss"]
[EventRounds "5"]
[EventCountry "POL"]
[SourceTitle "EXT 2023"]
[Source "ChessBase"]
[SourceDate "2022.10.05"]
[SourceVersion "1"]
[SourceVersionDate "2022.10.05"]
[SourceQuality "1"]

1. e4 c5 2. Nf3 d6 3. d4 cxd4 4. Nxd4 Nf6 5. Nc3 g6 6. Bc4 Bg7 7. Bb3 Nc6 8. Be3 0-0 9. f3 Bd7 10. Qd2 Qa5 11. 0-0-0 Rfc8 12. Nd5 Qxd2+ 13. Rxd2 Nxd5 14. exd5 Na5 15. Bg5 Nxb3+ 16. axb3 Rc5 17. Ne2 Kf8 18. Be3 Rc7 19. Bd4 Rac8 20. Bxg7+ Kxg7 21. c3 Rc5 22. b4 Rb5 23. Rd4 a5 24. bxa5 Rxa5 25. Re1 Ra1+ 26. Kd2 Rxe1 27. Kxe1 Rc5 28. Kd2 Ra5 29. Nc1 Kf6 30. Nd3 Ra1 31. Rf4+ Kg7 32. Rc4 Bb5 33. Re4 Bxd3 34. Kxd3 Kf6 35. Re2 e6 36. Kc4 Rd1 37. dxe6 fxe6 38. Kb5 Rh1 39. h3 e5 40. Kb6 Kf5 41. Kxb7 d5 42. Kc6 e4 43. Kxd5 Rd1+ 44. Kc4 exf3 45. Rf2 Ke4 46. b4 fxg2 47. Rxg2 Rh1 48. Rg3 Kf4 49. Rd3 h5 50. b5 g5 51. b6 Rb1 52. Kc5 g4 53. hxg4 hxg4 54. c4 g3 55. Rd2 Ke3 56. Ra2 Kf3 57. Ra8 g2 58. Rg8 g1Q+ 59. Rxg1 Rxg1 60. b7 Rg8 61. Kb6 Ke4 62. c5 Kd5 63. c6 Rg6 64. b8Q Rxc6+ 65. Kb5 Rc5+ 66. Kb4 Rc4+ 67. Kb3 Rc6 68. Qf4 Rb6+ 69. Kc3 Rc6+ 70. Kd3 Rd6 71. Qf5+ Kc6+ 72. Kc4 1-0

[Event "Warsaw Four Seasons op 2nd"]
[Site "Warsaw"]
[Date "2011.??.??"]
[Round "6"]
[White "Ciechonski, Piotr"]
[Black "Szustakowski, Antoni"]
[Result "1-0"]
[WhiteElo "1794"]
[BlackElo "1467"]
[PlyCount "31"]
[EventDate "2011.11.26"]
[EventType "swiss"]
[EventRounds "9"]
[EventCountry "POL"]
[SourceTitle "EXT 2014"]
[Source "ChessBase"]
[SourceDate "2013.11.20"]
[SourceVersion "1"]
[SourceVersionDate "2013.11.20"]
[SourceQuality "1"]

1. e4 Nf6 2. Bc4 d5 3. exd5 Nxd5 4. Nc3 e6 5. Qf3 Nxc3 6. dxc3 Nc6 7. Bf4 Bd7 8. 0-0-0 a6 9. Nh3 h6 10. Rhe1 Qc8 11. Qg3 b5 12. Bd5 Ra7 13. Rxe6+ Bxe6 14. Bxc6+ Ke7 15. Qe3 Kf6 16. Qxa7 1-0

[Event "Gdansk op 12th "]
[Site "Gdansk"]
[Date "2010.07.18"]
[Round "3"]
[White "Czerwinska, Luiza"]
[Black "Ciechonski, Piotr"]
[Result "0-1"]
[WhiteElo "1456"]
[BlackElo "1903"]
[PlyCount "92"]
[EventDate "2010.07.17"]
[EventType "swiss"]
[EventRounds "9"]
[EventCountry "POL"]
[SourceTitle "EXT 2011"]
[Source "ChessBase"]
[SourceDate "2010.11.26"]
[SourceVersion "1"]
[SourceVersionDate "2010.11.26"]
[SourceQuality "1"]

1. e4 Nf6 2. Nc3 d5 3. exd5 Nxd5 4. Nf3 Nc6 5. Bc4 e6 6. 0-0 Nb6 7. Be2 Be7 8. d4 0-0 9. Be3 Nd5 10. Nxd5 exd5 11. c3 Bf5 12. Re1 Bf6 13. Bf4 h6 14. Bd3 Bxd3 15. Qxd3 Qd7 16. Re2 Rfe8 17. Rae1 Rxe2 18. Rxe2 a6 19. b4 b5 20. a3 Ne7 21. h3 Ng6 22. Bg3 c6 23. Re1 Re8 24. Qd2 Re4 25. Re3 Qe6 26. Qe2 Ne7 27. Nd2 Rxe3 28. Qxe3 Nf5 29. Qxe6 fxe6 30. Bf4 g5 31. Be3 e5 32. Nb3 exd4 33. cxd4 Kf7 34. Kf1 Bd8 35. g4 Nd6 36. f4 Nc4 37. Bc1 gxf4 38. Bxf4 Bg5 39. Bxg5 hxg5 40. Na5 Nxa5 41. bxa5 Ke6 42. Ke2 Kd6 43. Kd3 c5 44. Kc3 cxd4+ 45. Kxd4 Ke6 46. Ke3 Ke5 0-1

[Event "Dabrowica op 2nd"]
[Site "Dabrowica"]
[Date "2010.01.10"]
[Round "5"]
[White "Ciechonski, Piotr"]
[Black "Cymbala, Ireneusz"]
[Result "0-1"]
[WhiteElo "1901"]
[BlackElo "1928"]
[PlyCount "72"]
[EventDate "2010.01.08"]
[EventType "swiss"]
[EventRounds "7"]
[EventCountry "POL"]
[SourceTitle "EXT 2011"]
[Source "ChessBase"]
[SourceDate "2010.11.26"]
[SourceVersion "1"]
[SourceVersionDate "2010.11.26"]
[SourceQuality "1"]

1. e4 e6 2. d3 c5 3. Nd2 d5 4. Ngf3 g6 5. g3 Bg7 6. Bg2 Nc6 7. 0-0 Nge7 8. Re1 0-0 9. c3 Qc7 10. Qe2 b6 11. e5 g5 12. Nxg5 Qxe5 13. f4 Qxe2 14. Rxe2 Ba6 15. c4 Nd4 16. Rf2 Nc2 17. Rb1 Bd4 18. Nb3 Bxf2+ 19. Kxf2 Nb4 20. Ke2 dxc4 21. Bxa8 cxb3 22. Be4 f5 23. a3 fxe4 24. axb4 Bxd3+ 25. Kf2 Bxb1 26. bxc5 bxc5 27. Nxe6 Rc8 28. g4 c4 29. f5 Nd5 30. h4 e3+ 31. Kf3 c3 32. bxc3 Rxc3 33. Bb2 Rc2 34. Bg7 Rf2+ 35. Kg3 Rf1 36. f6 e2 0-1

[Event "Powiatu Pulawskiego-ch op"]
[Site "Pulawy"]
[Date "2009.11.07"]
[Round "2.1"]
[White "Gora, Jan"]
[Black "Ciechonski, Piotr"]
[Result "1/2-1/2"]
[WhiteElo "1800"]
[BlackElo "1903"]
[PlyCount "134"]
[EventDate "2009.11.06"]
[EventType "swiss"]
[EventRounds "5"]
[EventCountry "POL"]
[SourceTitle "EXT 2023"]
[Source "ChessBase"]
[SourceDate "2022.10.05"]
[SourceVersion "1"]
[SourceVersionDate "2022.10.05"]
[SourceQuality "1"]

1. e4 c5 2. Nf3 d6 3. d4 cxd4 4. Nxd4 Nf6 5. Nc3 g6 6. Be3 Bg7 7. f3 0-0 8. Bc4 Nc6 9. Qd2 Bd7 10. h4 Ne5 11. Bb3 Qa5 12. 0-0-0 Rfc8 13. Kb1 Nc4 14. Bxc4 Rxc4 15. Nb3 Qe5 16. Bf4 Qe6 17. Nd4 Nxe4 18. Nxe4 Rxd4 19. Qe3 Rxd1+ 20. Rxd1 f5 21. Nf2 Qxe3 22. Bxe3 b6 23. f4 Bc6 24. g3 Kf7 25. Nd3 Rc8 26. Nf2 Rc7 27. Bd4 e5 28. Be3 Ke6 29. Re1 e4 30. Rd1 Bd5 31. Rd2 Bf6 32. Nh3 h6 33. Ng1 Bc4 34. Ne2 Bxe2 35. Rxe2 d5 36. Rd2 Be7 37. Bd4 Bd6 38. c3 g5 39. hxg5 hxg5 40. Rh2 gxf4 41. Rh6+ Kd7 42. gxf4 Bxf4 43. Rf6 e3 44. Rxf5 e2 45. Bf2 Rc4 46. Kc2 Ke6 47. Rf8 Re4 48. Be1 Kd6 49. Kd3 Bg5 50. Rf5 Be7 51. Rh5 a5 52. Rh2 a4 53. Rxe2 Rg4 54. Bf2 b5 55. Bc5+ Kxc5 56. Rxe7 Rg3+ 57. Re3 Rg2 58. Re2 Rxe2 59. Kxe2 Kc4 60. Kd2 d4 61. cxd4 Kxd4 62. a3 Kc4 63. Kc2 b4 64. axb4 Kxb4 65. Kb1 Kb3 66. Kc1 a3 67. Kb1 axb2 1/2-1/2

[Event "Chylice Fidelice Cup"]
[Site "Chylice"]
[Date "2009.10.10"]
[Round "3.6"]
[White "Rozycki, Bartlomiej"]
[Black "Ciechonski, Piotr"]
[Result "0-1"]
[WhiteElo "1761"]
[BlackElo "1976"]
[PlyCount "46"]
[EventDate "2009.10.09"]
[EventType "swiss"]
[EventRounds "5"]
[EventCountry "POL"]
[SourceTitle "EXT 2023"]
[Source "ChessBase"]
[SourceDate "2022.10.05"]
[SourceVersion "1"]
[SourceVersionDate "2022.10.05"]
[SourceQuality "1"]

1. e4 c5 2. d4 cxd4 3. c3 dxc3 4. Nxc3 Nc6 5. Bc4 e6 6. Nf3 Nf6 7. 0-0 Nxe4 8. Nxe4 d5 9. Qe2 dxc4 10. Bf4 Qd3 11. Qe1 Bb4 12. Nd6+ Bxd6 13. Rd1 Bxf4 14. Rxd3 cxd3 15. Qe4 Bh6 16. g4 g6 17. Nd4 Nxd4 18. Qxd4 0-0 19. Qxd3 e5 20. Qe4 Bf4 21. h3 Rb8 22. Rd1 Be6 23. b3 Rfd8 0-1